Responses for Show #2977 - Tuesday, July 8, 1997

Contestants

[<< previous game]

Fazal Khan, a medical and law student from Champaign, Illinois

David Smith, an attorney originally from Norwich, England

Peter Braxton, a math teacher from Fairfax, Virginia (whose 2-day cash winnings total $33,402)

[next game >>]

Jeopardy! Round responses

AMERICAN HISTORY
FAMILY TELEVISION
COOKING EQUIPMENT
ASTRONOMY & SPACE
AWARDS
FRENCH NAMES OF COUNTRIES
    $100 2
Thomas Jefferson

Peter
    $100 15
Home Improvement

Fazal
    $100 11
brushes

Peter
    $100 1
the North Star (or the Pole Star)

David
    $100 25
Man of the Year

Peter
    $100 20
Switzerland

Peter
    $200 3
Maine

David
    $200 16
Married... with Children

Fazal
    $200 12
tin

Peter
    $200 7
an asteroid

Fazal
    $200 26
(David: What are darts?)

bowling

PeterDavid
    $200 21
Saudi Arabia

Peter
    $300 4
(Fazal: What is the Temperance Union?)

Prohibition

PeterFazal
    $300 17
(Peter: What is The Waltons?)

Eight Is Enough

PeterFazal
    $300 13
a chafing dish

Triple Stumper
    $300 8
TIROS

Peter
    $300 27
Dolby

Peter
    $300 22
Norway

David
    $500 5
Eugene Victor Debs

Peter
    $400 18
7th Heaven

Triple Stumper
    $400 14
(Alex: Isn't that great advice and does it make sense that we should pass that along to you?)

a cleaver

Fazal
    $400 9
the crow

Peter
    $400 28
Thomas Stearns Eliot

Peter
    $400 23
(Peter: What is Libya?)

Lebanon

PeterDavid
    $500 6
George Rogers Clark

Triple Stumper
    $500 19
Sada Thompson

Triple Stumper
    $500 30
(Peter: What is ricing?)

julienning

PeterFazal
    $500 10
Skylab

Peter
    $500 29
Genius grants

David
    $500 24
Latvia

David

Scores at the first commercial break (after clue 14):

Peter David Fazal
$2,400 $300 $300

Scores at the end of the Jeopardy! Round:

Peter David Fazal
$2,500 $1,800 $1,400

Double Jeopardy! Round responses

U.S. GEOGRAPHY
COURT CASES
LITERATURE
FAMOUS NAMES
OPERETTAS
HODGEPODGE
(Alex: A little bit of everything.)
    $200 6
Georgia

David
    $200 1
silent

David
    $200 16
Charles Dickens

David
    $200 21
Aristotle Onassis

Peter
    $200 11
in Toyland

Peter
    $200 26
(Alex: Less than a minute to go.)

Australia

Fazal
    $400 7
Potomac

David
    $400 2
prayer

David
    $400 17
Brave New World

David
    $400 22
Eva Peron

Fazal
    $400 12
John Philip Sousa

Triple Stumper
    $400 27
(Fazal: What is a diamond?)
(Peter: What is a heart?)

hourglass

PeterFazal
Triple Stumper
    $600 8
Ellis Island

Peter
    $600 3
the ACLU (American Civil Liberties Union)

Peter
    $600 18
Ragtime

Triple Stumper
    $600 23
Orville Redenbacher

Fazal
    $900 13
(Alex: "Poor Wandering Soul". Who was the singer?--just a sec, I drew a blank on Linda Ronstadt She was the performer in that number.)

The Pirates of Penzance

Peter
    $600 30
(Alex: And I'm grinning & laughing because I rode into the Byzantine Empire and Emperor Constantine XI Palaeologus without realizing it was there & boy, that's a tongue twister when you're not ready for it!)

tarot

Peter
    $2,000 9
Maryland

Peter
    $800 4
(Fazal: Who is...)

Charles Keating

DavidFazal
    $800 19
Humboldt

Fazal
    $800 24
Alfred Kinsey

Fazal
    $800 14
The Student Prince

Peter
    $800 29
the Byzantine Empire

Peter
    $1000 10
Mount Washington

Peter
    $1000 5
Sam Shepherd

David
    $1000 20
Nebraska

Fazal
    $1000 25
Queen Wilhelmina

Triple Stumper
    $1000 15
Die Fledermaus

David
    $1000 28
July 4

Fazal

Scores at the end of the Double Jeopardy! Round:

Peter David Fazal
$9,800 $6,400 $5,000

[wagering suggestions for these scores]

Final Jeopardy! Round responses

WORD ORIGINS
FazalWhat is pundit?
$4,880
DavidWhat is pundit?
$3,601
PeterWhat is guru?
$3,001
Pundit

Final scores:

Peter David Fazal
$6,799 $10,001 $9,880
3rd place: a Franchi Menotti elegant watch New champion: $10,001 2nd place: a trip to Spice Island Beach Resort, Grenada

Game dynamics:

Coryat scores:

Peter David Fazal
$8,200 $6,400 $5,000
24 R
(including 3 DDs),
4 W
15 R,
1 W
13 R,
3 W

Combined Coryat: $19,600

[game clues] [game scores] [suggest correction]

Game tape date: 1997-02-12
The J! Archive is created by fans, for fans. Scraping, republication, monetization, and malicious use prohibited; this site may use cookies and collect identifying information. See terms. The Jeopardy! game show and all elements thereof, including but not limited to copyright and trademark thereto, are the property of Jeopardy Productions, Inc. and are protected under law. This website is not affiliated with, sponsored by, or operated by Jeopardy Productions, Inc. Join the discussion at JBoard.tv.